Beste 3. Liga Aufsteiger - Statistiken

Allgemein
  • Dieses Quiz wurde 24 mal gespielt
  • Das Durchschnittsergebnis liegt bei 13 aus 20
Antwortstatistiken
Platz Saison Verein Punkte; (TD) % Korrekt
12. 2012/13 Arminia Bielefeld 76; (+27)
86%
16. 2014/15 Arminia Bielefeld 74; (+34)
86%
18. 2024/25 Arminia Bielefeld 72; (+28)
86%
6. 2013/14 RB Leipzig 79; (+31)
82%
11. 2023/24 SSV Ulm 1846 77; (+27)
82%
8. 2015/16 Dynamo Dresden 78; (+40)
73%
14. 2020/21 Dynamo Dresden 75; (+32)
73%
1. 2010/11 Eintracht Braunschweig 85; (+59)
68%
15. 2022/23 SV Elversberg 74; (+40)
68%
20. 2014/15 MSV Duisburg 71; (+23)
59%
3. 2017/18 SC Paderborn 07 83; (+57)
59%
13. 2018/19 VfL Osnabrück 76; (+25)
59%
2. 2017/18 1. FC Magdeburg 85; (+38)
55%
7. 2021/22 1. FC Magdeburg 78; (+44)
55%
9. 2008/09 1. FC Union Berlin 78; (+36)
55%
4. 2012/13 Karlsruher SC 79; (+42)
55%
19. 2018/19 Karlsruher SC 71; (+26)
55%
5. 2013/14 1. FC Heidenheim 79; (+34)
50%
10. 2010/11 Hansa Rostock 78; (+34)
50%
17. 2013/14 SV Darmstadt 98 72; (+29)
45%
Keine übereinstimmenden Quizze gefunden
Verteilung der Resultate
Anzahl Personen mit jedem Resultat
Perzentil nach korrekt beantworteten Fragen
Ihre Resultats-Entwicklung
Sie haben dieses Quiz noch nicht gespielt